000 00620cab a22002055a 4500
001 L155925
008 120423d18521884xxk f 000 0 eng d
035 _a(Sirsi) u155925
041 0 _aeng
110 2 _aNational Freehold Land Society
_96042
245 0 4 _aThe freeholder's circular
260 _aLondon
_bThe Society
_c1852-1884
300 _c25 cm.
520 _aFrequency: Monthly, -Jan. 1855 Frequency: Irregular, Mar. 1855-
520 _aLibrary holds Vol. 1 only.
583 _aCondition reviewed
_c20120620
_lcondition level 1
651 4 _aGreat Britain
_y1707-
690 _aLand use
_96251
942 _n0
999 _c113925
_d113925